000 03316nam a2200277 4500
003 NALT
005 20260127154149.0
008 260126b th ||||| |||| 00| 0 tha d
040 _aNALT
086 _aสผ 18 7.3 328.36 2563
110 2 _aสำนักงานเลขาธิการสภาผู้แทนราษฎร.
_bสำนักกรรมาธิการ 2.
_bกลุ่มงานคณะกรรมาธิการกิจการสภาผู้แทนราษฎร
_956898
245 1 0 _aรายงานการพิจารณาศึกษา เรื่อง การพัฒนาระบบบริการสารสนเทศอาคารรัฐสภาแห่งใหม่และพัฒนาการดำเนินงานของสภาผู้แทนราษฎร ของคณะกรรมาธิการกิจการสภาผู้แทนราษฎร /
_cกลุ่มงานคณะกรรมาธิการกิจการสภาผู้แทนราษฎร สำนักกรรมาธิการ 2 สำนักงานเลขาธิการสภาผู้แทนราษฎร.
260 _aกรุงเทพฯ :
_bสำนักกรรมาธิการ 2 สำนักงานเลขาธิการสภาผู้แทนราษฎร,
_c2563.
300 _a112 หน้า :
_bภาพประกอบ, ตาราง ;
_c29 ซม.
505 2 _a1. การดำเนินการ -- 2. วิธีการพิจารณาศึกษา -- 3. ผู้แทนหน่วยงานที่มาให้ข้อมูล -- 4. ผลการพิจารณา -- 4.1 ความเป็นมา -- 4.2 ประเด็นการพิจารณา -- 4.3 บทสรุปผลการศึกษา -- 5. ข้อสังเกตและข้อเสนอแนะของคณะกรรมาธิการ -- 5.1 เรื่องที่สามารถดำเนินการโดยไม่จำเป็นต้องใช้งบประมาณ -- 5.2 เรื่องที่ต้องใช้งบประมาณในการดำเนินการ -- 5.3 เรื่องที่จำเป็นต้องกำหนดเป็นนโยบายหรือแก้ไขระเบียบที่เกี่ยวข้อง.
610 2 4 _aรัฐสภา
_xการสื่อสารกับเทคโนโลยี
_967329
610 2 4 _aรัฐสภา
_xเทคโนโลยีสารสนเทศ
_xแผนงาน
_936197
610 2 4 _aรัฐสภา
_xบริการสารสนเทศ
_927000
710 2 _aคณะกรรมาธิการกิจการสภาผู้แทนราษฎร
_911666
856 4 0 _uhttps://prt.parliament.go.th/items/f20913ea-2faa-4b98-b9f9-76798255ad24
942 _2local
_cPAR
996 _ajidapa.t
_bACQSTF
_c2026-01-26
996 _avaree.k
_bLIBSTF
_c2026-01-26
996 _ajamriang.p
_bCATSTF
_c2026-01-27
999 _c107711
_d107711
998 _j1020
_k นางจำเรียง ระวังสำโรง